000 01008nam a2200289 i 4500
001 000026084
003 DO-SdBNP
005 20251009150150.0
007 ta
008 110301s1956 dr 000 0 spa d
040 _aDO-SdBNP
_bspa
_cBNPHU
_erda
082 _a398.097293
_bN789s
_222
100 1 _aNolasco, Flérida de,
_d1891-1976
_eautor
_935151
245 1 0 _aSanto Domingo en el folklore universal /
_cFlérida de Nolasco.
264 _aCiudad Trujillo, República Dominicana :
_bImpresora Dominicana,
_c1956.
300 _a449 páginas ;
_c23 cm.
336 _ardacontent
_btexto
_2txt
337 _ardamedia
_bsin mediación
_2n
338 _ardacarrier
_bvolumen
_2nc
500 _aIncluye referencias bibliográficas y notas al pie de las páginas
590 _aInventariado, 2024/DG
650 0 _aFolclore
_zRepública Dominicana
_933448
650 0 _aMúsica folclórica
_953029
650 4 _aFolclore en la literatura
_94697
910 _aValidado. Control de calidad EMS
942 _2ddc
_cLBS1
999 _c25576
_d25576